000 00593nam a2200169 i 4500
001 30394
003 ES-MaACL
007 t|
008 030124s1925 ag ||||1| spa d
100 1 _aBausman, Frederich.
_926615
245 1 0 _a¡Que Francia explique! /
_cFrederich Bausman ; publicada bajo los auspicios de Friedrich Rosen con un prólogo del mismo ; traducida por Ricardo F. de Alba.
260 _aBuenos Aires :
_b[Edit. Internacional,
_c1925]
300 _a390 p. ;
_c22 cm.
700 1 _aRosen, Friedrich.
_999714
700 1 _aAlba, Ricardo F. de.
_919196
852 _aES-MaACL
_jB-558
999 _c30394
_d30394